Größte Inseln der Welt auf einer Karte - Statistiken

Allgemein
  • Dieses Quiz wurde 112 mal gespielt
  • Das Durchschnittsergebnis liegt bei 15 aus 26
Antworten auf der Karte
Die Antworten werden auf der Karte rot bzw. grün angezeigt, abhängig davon wie oft sie richtig erraten wurden.
 
Antwortstatistiken
# Insel % Korrekt
1 Grönland
98%
4 Madagaskar
96%
18 Island
93%
20 Irland
92%
17 Kuba
87%
9 Großbritannien
86%
25 Sri Lanka
83%
26 Tasmanien
73%
3 Borneo
69%
13 Java
69%
2 Neuguinea
65%
21 Hokkaido
60%
6 Sumatra
60%
16 Neufundland
57%
22 Hispaniola
56%
14 Nordinsel
54%
12 Südinsel
54%
7 Honshu
52%
15 Luzon
34%
11 Sulawesi
29%
5 Baffininsel
26%
19 Mindanao
22%
23 Sachalin
19%
8 Victoria-Insel
13%
10 Ellesmere-Insel
12%
24 Banksinsel
6%
Keine übereinstimmenden Quizze gefunden
Verteilung der Resultate
Anzahl Personen mit jedem Resultat
Perzentil nach korrekt beantworteten Fragen
Ihre Resultats-Entwicklung
Sie haben dieses Quiz noch nicht gespielt